000 00541nam a2200193Ia 4500
003 GCL
008 140319s9999 xx 000 0 ara d
040 _aGCL /
_cGCL
082 0 4 _a243
_bح ا
100 1 _aحسن خالد
245 1 0 _aالاسلام ورؤيتة فيما بعد الحياة /
_cحسن خالد
300 _a466 ص
490 _aاجمل الحكايات
_v0
650 0 4 _aالجنة
650 0 4 _aيوم القيامة
650 0 4 _aالساعة - البعث
650 0 4 _aالموت - جهنم
942 _2ddc
_cBK
999 _c45997
_d45997